| 000 | 01020nam a22003017a 4500 | ||
|---|---|---|---|
| 001 | 6964 | ||
| 003 | FISKH | ||
| 005 | 20250612093249.0 | ||
| 008 | 250612b cb ||||| |||| 00| 0 eng d | ||
| 020 | _a9780316941297 | ||
| 040 |
_aFISKH _beng _cFISKH _dFISKH |
||
| 050 | _aPZ8.W668 | ||
| 082 | _a434 | ||
| 100 |
_aWillard, Nancy _d(1936–2017) |
||
| 245 |
_aA starlit somersault downhill / _cBy Nancy Willard ; Illustrated by Jerry Pinkney |
||
| 250 | _aThis edition first published in 1993 | ||
| 260 |
_aHong Kong : _bLittle Brown, _c1993 |
||
| 300 |
_a32 unnumbered pages : _bcolor illustrations ; _c28 cm |
||
| 505 | _aG | ||
| 520 | _aHaving made a plan to spend the winter with Bear napping in a cozy cave, Rabbit finds himself too energetic to sleep and decides to join the world outside. | ||
| 521 | 8 |
_a380
_bLexile |
|
| 521 | 8 |
_aG
_bRaz-Plus |
|
| 650 |
_2Animals _aHibernation |
||
| 650 |
_2Winter _aRabbits |
||
| 700 |
_aPinkney, Jerry _dillustrator |
||
| 942 |
_2ddc _cBK _n0 |
||
| 999 |
_c6964 _d6964 |
||